Минерально-сырьевая база СССР. Вып. 27: Апатит (Запись № 13630377)

Подробности
000 -МАРКЕР
контрольное поле 01023nam2a2200229 4500
001 - ИДЕНТИФИКАТОР ЗАПИСИ
контрольное поле rc\3023036
005 - ИДЕНТИФИКАТОР ВЕРСИИ
контрольное поле 20260315071256.0
035 ## - ДРУГИЕ СИСТЕМНЫЕ НОМЕРА
Идентификатор записи (NLR Aleph) 007208075
100 ## - ДАННЫЕ ОБЩЕЙ ОБРАБОТКИ
Данные общей обработки 20110928d1935 u y0rusy50 ca
101 0# - ЯЗЫК РЕСУРСА
Язык текста, звукозаписи и т.д. русский
102 ## - СТРАНА ПУБЛИКАЦИИ ИЛИ ПРОИЗВОДСТВА
Страна публикации Российская Федерация
105 ## - ПОЛЕ КОДИРОВАННЫХ ДАННЫХ: ТЕКСТОВЫЕ МАТЕРИАЛЫ, МОНОГРАФИЧЕСКИЕ
Кодированные данные о монографическом текстовом документе y z |||||
200 1# - ЗАГЛАВИЕ И СВЕДЕНИЯ ОБ ОТВЕТСТВЕННОСТИ
Основное заглавие Апатит
210 ## - ПУБЛИКАЦИЯ, РАСПРОСТРАНЕНИЕ И ДР.
Дата издания, распространения и т.д. 1935
461 #0 - УРОВЕНЬ НАБОРА
Встроенное поле 001rc\3023019
-- 2001#$aМинерально-сырьевая база СССР$eВып. 6-$fНКТП СССР Центр. науч.-исслед. геол.-разведочный ин-т ГГГГУ$vВып. 27
Системный номер (АБИС) связанной записи 7660185
Место публикации Ленинград
Дата публикации 1935
Первые сведения об ответственности НКТП СССР Центр. науч.-исслед. геол.-разведочный ин-т ГГГГУ
Имя издателя, распространителя и т.д. Онти. Гл. ред. геол.-развед. и геодез. лит.
Сведения, относящиеся к заглавию Вып. 6-
Заглавие Минерально-сырьевая база СССР
Номер тома Вып. 27
700 #1 - ИМЯ ЛИЦА - ПЕРВИЧНАЯ ОТВЕТСТВЕННОСТЬ
Начальный элемент ввода Промтов
Часть имени, кроме начального элемента ввода А.Н.
801 #0 - ИСТОЧНИК ЗАПИСИ
Страна Российская Федерация
Организация NLR
Правила каталогизации psbo
801 #1 - ИСТОЧНИК ЗАПИСИ
Страна Российская Федерация
Организация ELAR
Источник данных rusmarc
852 ## - МЕСТОНАХОЖДЕНИЕ И ШИФР ХРАНЕНИЯ
Идентификатор организации NLR
Шифр хранения (Call Number) 35-18/15
942 ## - ДОПОЛНИТЕЛЬНЫЕ ЭЛЕМЕНТЫ ЗАПИСИ (АБИС)
Тип экземпляра АБИС Неопределено
980 ## - КОЛЛЕКЦИЯ
Название коллекции Национальная библиография

Нет доступных экземпляров.